000 00741nam a2200289Ia 4500
005 20260324131919.0
008 008 260324s9999 xx 000 0 eng d
020 _a9781315044170
037 _aEBOOK
040 _aCRL
040 _beng
040 _cCRL
041 _2eng
041 _aeng
084 _qCRL
100 _aSharon Keigher; Cynthia Cannon Poindexter
_91187323
245 0 _aMidlife and Older Adults and HIV
245 0 _bImplications for Social Service Research, Practice, and Policy
260 _bTaylor and Francis
260 _c2005
365 _a
365 _b255
856 _uhttp://www.taylorfrancis.com/books/9781315044170
942 _cEBOOK
999 _c1784902
_d1784902